000 00283nam a22001337a 4500
008 170719b xxu||||| |||| 00| 0 eng d
020 _a039453476X
041 _aeng
080 _a2
100 _a24
101 _aTEO
245 _aTHE FIRST LIBERTY
_cMILLER, W.L
942 _2udc
_cBK
999 _c21497
_d21497